CDF: Tous les clubs ayant atteint les quarts de finale depuis 2000 - Statistiques

Statistiques générales
  • Ce quiz a été pris 108 fois
  • Le résultat moyen est 38 sur 67
Statistiques - réponses
Participations
depuis 2000
Réponse Division
Actuel
% Correct
17 Paris-saint-germain Ligue 1
99%
9 Nantes Ligue 1
97%
10 Lyon Ligue 1
96%
8 Marseille Ligue 1
96%
9 Rennes Ligue 1
94%
5 Bordeaux Ligue 2
93%
6 Lens Ligue 1
93%
5 Lille Ligue 1
93%
11 Monaco Ligue 1
93%
5 Saint-Etienne Ligue 2
93%
3 Toulouse Ligue 1
90%
2 Nice Ligue 1
88%
1 Brest Ligue 1
87%
1 Metz Ligue 1
86%
2 Reims Ligue 1
86%
4 Strasbourg Ligue 1
86%
5 Lorient Ligue 1
83%
3 Montpellier Ligue 1
83%
1 Nancy National
83%
3 Bastia Ligue 2
82%
4 Sochaux National
82%
5 Auxerre Ligue 2
79%
3 Nîmes National
79%
2 Caen Ligue 2
76%
4 Guingamp Ligue 2
76%
4 Angers Ligue 2
72%
4 Amiens Ligue 2
70%
1 Valenciennes Ligue 2
70%
5 Sedan Régional 1
69%
2 Troyes Ligue 2
68%
4 Dijon National
67%
4 Grenoble Ligue 2
66%
1 Annecy Ligue 2
64%
1 Les Herbiers National 2
62%
1 Evian National 2
61%
2 Rodez Ligue 2
59%
1 Cannes National 2
57%
1 Châteauroux National
55%
1 Le Mans National
55%
2 Quevilly Rouen Ligue 2
53%
2 Calais Disparu
52%
1 Orléans National
50%
1 Martigues National
49%
1 Concarneau Ligue 2
46%
1 Versailles National
41%
2 Gazelec Ajaccio Régional 2
35%
1 Vannes National 3
34%
1 Avranches National
32%
1 Epinal National
31%
1 Chambly National 2
28%
1 Carquefou Régional 2
27%
1 Chambéry National 3
24%
3 Boulogne-Sur-Mer National 2
21%
1 Bergerac National 2
19%
1 Angoulême National 2
18%
1 Libourne National 2
18%
1 Frejus National 2
16%
1 Belfort National 3
15%
1 Brive Régional 1
13%
1 Granville National 2
12%
1 Clermont foot Ligue 1
11%
1 Canet-Rousillon National 3
7%
1 Montceau Bourgogne Régional 1
7%
1 Moulins Régional 1
7%
1 Schiltigheim Régional 1
5%
1 Rumilly-Vallieres National 3
3%
1 Vitré National 3
2%
Aucun quiz correspondant
Distribution des résultats
% des personnes avec chaque résultat
Percentile par nombre de réponses
Votre historique - résultats
Vous n’avez pas pris ce quiz